Toutes les gares ferroviaires de l'Aude - Statistiques

Statistiques générales
  • Ce quiz a été pris 10 fois
  • Le résultat moyen est 6 sur 16
Statistiques - réponses
Fréquentation annuelle Nom de la gare % Correct
1 248 583 Carcassonne
100%
2 423 475 Narbonne
100%
396 399 Castelnaudary
90%
63 875 Limoux
80%
274 266 Lézignan-Corbières
70%
138 584 Port-la-Nouvelle
60%
142 601 Bram
40%
37 006 Quillan
40%
576 Espéraza
20%
3 887 Coursan
10%
116 857 Leucate La Franqui
10%
1 401 Pomas
10%
734 Verzeille
10%
90 Alet-les-Bains
0%
957 Couffoulens - Leuc
0%
5 869 Limoux Flassian
0%
Aucun quiz correspondant
Distribution des résultats
% des personnes avec chaque résultat
Percentile par nombre de réponses
Votre historique - résultats
Vous n’avez pas pris ce quiz